000 00788nam a22002417a 4500
003 UA-OsUOA
001 20636
007 ta
008 20031102b un ||||| |||| 00| 0 ukr d
100 _aСоколов В.
090 _a92:792
_bС59
942 _cBK
040 _aUA-OsUOA
_brus
_cUA-OsUOA
_dUA-OsUOA
245 _a"Прощание славянки"
_bЖизнь и творчество В.И. Агапкина - автора популярного марша
_cРец. Н.А.Трубников, Кандидат исскуствоведения
300 _a192 с.
_bІлюстрації
955 _a0
041 _arus
080 _a92:792
260 _aМосква
_bСоветский композитор
_c1987
044 _aRU
650 7 _2UDC
999 _c306816
_d306816